Name All 8 Reindeer - Statistics

General Stats
  • This quiz has been taken 35 times
    21 since last reset
  • The average score is 7 of 9
Answer Stats
Answer % Correct
Dasher
100%
Prancer
100%
Comet
92%
Cupid
92%
Dancer
92%
Rudolph
92%
Vixen
92%
Dunder
23%
Blixem
15%
No matching quizzes found
Score Distribution
Percent of People with Each Score
Percentile by Number Answered
Your Score History
You have not taken this quiz since the last reset